[Event "MP do lat 16 - dziewczeta"]
[Site "Sypniewo"]
[Date "2022.03.22"]
[Round "4.23"]
[White "Jureczko, Anna"]
[Black "Olszewska, Wiktoria"]
[Result "0-1"]
[BlackElo "1262"]
[WhiteElo "1200"]
[LiveChessVersion "1.4.8"]

1. e4 {[%clk 1:30:56]} c6 {[%clk 1:30:53]} 2. d4 {[%clk 1:31:19]} d5
{[%clk 1:31:13]} 3. e5 {[%clk 1:29:28]} Bf5 {[%clk 1:30:45]} 4. Nf3
{[%clk 1:17:56]} e6 {[%clk 1:29:39]} 5. Bd3 {[%clk 1:10:46]} Bxd3
{[%clk 1:23:07]} 6. Qxd3 {[%clk 1:11:04]} Nd7 {[%clk 1:22:18]} 7. O-O
{[%clk 1:03:13]} Ne7 {[%clk 1:15:36]} 8. c3 {[%clk 0:52:44]} Qb6 {[%clk 1:12:11]}
9. Qc2 {[%clk 0:47:09]} Nf5 {[%clk 1:09:09]} 10. Nbd2 {[%clk 0:45:22]} c5
{[%clk 1:08:06]} 11. Qb3 {[%clk 0:43:05]} Qc7 {[%clk 1:04:11]} 12. Qd1
{[%clk 0:39:12]} Be7 {[%clk 0:58:34]} 13. Nb3 {[%clk 0:33:13]} O-O
{[%clk 0:55:15]} 14. Bg5 {[%clk 0:30:47]} Bxg5 {[%clk 0:48:55]} 15. Nxg5
{[%clk 0:31:10]} h6 {[%clk 0:48:18]} 16. Nf3 {[%clk 0:31:21]} Qb6
{[%clk 0:46:40]} 17. Qc2 {[%clk 0:24:03]} Rac8 {[%clk 0:45:51]} 18. Rad1
{[%clk 0:21:03]} cxd4 {[%clk 0:43:46]} 19. Nbxd4 {[%clk 0:21:07]} Nxd4
{[%clk 0:43:23]} 20. Rxd4 {[%clk 0:21:25]} Nxe5 {[%clk 0:42:19]} 21. Rh4
{[%clk 0:15:42]} Nxf3+ {[%clk 0:41:08]} 22. gxf3 {[%clk 0:16:05]} d4
{[%clk 0:37:55]} 23. Kh1 {[%clk 0:13:32]} dxc3 {[%clk 0:36:34]} 24. bxc3
{[%clk 0:13:07]} Qc6 {[%clk 0:36:37]} 25. Rg1 {[%clk 0:10:04]} Qxf3+
{[%clk 0:36:08]} 26. Rg2 {[%clk 0:10:26]} Rxc3 {[%clk 0:35:44]} 27. Qb1
{[%clk 0:09:44]} Rfc8 {[%clk 0:35:36]} 0-1

[Event "MP do lat 16 - dziewczeta"]
[Site "Sypniewo"]
[Date "2022.03.22"]
[Round "4.24"]
[White "Wiecek, Karolina"]
[Black "Gac-Mytych, Sara"]
[Result "1/2-1/2"]
[BlackElo "1202"]
[WhiteElo "1227"]
[LiveChessVersion "1.4.8"]

1. d4 {[%clk 1:30:57]} d6 {[%clk 1:30:45]} 2. c4 {[%clk 1:30:40]} e5
{[%clk 1:31:05]} 3. dxe5 {[%clk 1:28:54]} dxe5 {[%clk 1:31:26]} 4. Qxd8+
{[%clk 1:28:41]} Kxd8 {[%clk 1:31:46]} 5. Nc3 {[%clk 1:27:41]} f6
{[%clk 1:31:07]} 6. e4 {[%clk 1:22:26]} Be6 {[%clk 1:26:02]} 7. Be3
{[%clk 1:18:57]} c6 {[%clk 1:22:46]} 8. O-O-O+ {[%clk 1:17:56]} Nd7
{[%clk 1:23:10]} 9. Nf3 {[%clk 1:15:10]} Kc7 {[%clk 1:18:28]} 10. Be2
{[%clk 1:09:54]} a5 {[%clk 1:06:50]} 11. b3 {[%clk 1:01:07]} Nh6 {[%clk 0:52:56]}
12. h3 {[%clk 0:53:51]} Nf7 {[%clk 0:37:32]} 13. g4 {[%clk 0:39:57]} b6
{[%clk 0:25:03]} 14. Nh4 {[%clk 0:33:50]} Bc5 {[%clk 0:18:35]} 15. Bxc5
{[%clk 0:31:15]} Nxc5 {[%clk 0:18:55]} 16. Nf5 Bxf5 {[%clk 0:17:28]} 17. exf5
{[%clk 0:29:03]} Ng5 {[%clk 0:12:39]} 18. f3 {[%clk 0:23:38]} Rad8
{[%clk 0:10:48]} 19. h4 {[%clk 0:20:48]} Rxd1+ {[%clk 0:09:56]} 20. Kxd1
{[%clk 0:15:51]} Nf7 {[%clk 0:09:16]} 21. Kc2 {[%clk 0:15:39]} Rd8
{[%clk 0:09:04]} 22. Rd1 {[%clk 0:13:46]} Rxd1 {[%clk 0:08:34]} 23. Kxd1
{[%clk 0:13:53]} Nd6 {[%clk 0:08:16]} 24. Kd2 {[%clk 0:13:59]} h6
{[%clk 0:05:09]} 25. Bd3 {[%clk 0:11:55]} Nxd3 {[%clk 0:01:51]} 26. Kxd3
{[%clk 0:12:17]} Nb7 {[%clk 0:02:10]} 27. Ne4 {[%clk 0:11:24]} Kd7
{[%clk 0:01:22]} 28. Kc3 {[%clk 0:10:24]} Nd6 {[%clk 0:01:05]} 29. Nxd6
{[%clk 0:08:34]} Kxd6 {[%clk 0:01:34]} 30. Kd3 {[%clk 0:05:05]} b5
{[%clk 0:00:55]} 31. a3 {[%clk 0:01:22]} 1/2-1/2

[Event "MP do lat 16 - dziewczeta"]
[Site "Sypniewo"]
[Date "2022.03.23"]
[Round "5.1"]
[White "Zabrzanska, Weronika"]
[Black "Barwinska, Ewa"]
[Result "1/2-1/2"]
[BlackElo "1848"]
[WhiteElo "1942"]
[LiveChessVersion "1.4.8"]

1. e4 {[%clk 1:30:59]} c5 {[%clk 1:30:52]} 2. c3 {[%clk 1:30:54]} Nf6
{[%clk 1:31:11]} 3. e5 {[%clk 1:30:36]} Nd5 {[%clk 1:31:31]} 4. Nf3
{[%clk 1:30:55]} d6 {[%clk 1:30:58]} 5. d4 {[%clk 1:30:32]} cxd4 {[%clk 1:30:22]}
6. Qxd4 {[%clk 1:29:44]} e6 {[%clk 1:28:53]} 7. Nbd2 {[%clk 1:28:43]} Nc6
{[%clk 1:27:24]} 8. Bb5 {[%clk 1:28:14]} Bd7 {[%clk 1:23:23]} 9. Bxc6
{[%clk 1:28:29]} Bxc6 {[%clk 1:23:33]} 10. Nc4 {[%clk 1:28:41]} dxe5
{[%clk 1:11:08]} 11. Ncxe5 {[%clk 1:27:25]} Nf6 {[%clk 1:07:16]} 12. O-O
{[%clk 1:18:31]} Bxf3 {[%clk 1:00:22]} 13. Nxf3 {[%clk 1:17:27]} Qxd4
{[%clk 0:59:53]} 14. Nxd4 {[%clk 1:17:47]} Bc5 {[%clk 0:54:50]} 15. Nb3
{[%clk 1:14:52]} Bb6 {[%clk 0:52:24]} 16. Bf4 {[%clk 1:13:52]} Ke7
{[%clk 0:50:52]} 17. a4 {[%clk 1:09:16]} Nd5 {[%clk 0:45:36]} 18. Bd2
{[%clk 1:07:04]} Bc7 {[%clk 0:39:01]} 19. c4 {[%clk 1:04:34]} Nf4
{[%clk 0:37:12]} 20. Bb4+ {[%clk 1:00:59]} Kf6 {[%clk 0:36:10]} 21. Rfd1
{[%clk 0:57:55]} Rhd8 {[%clk 0:31:20]} 22. g3 {[%clk 0:45:11]} Nd3
{[%clk 0:27:54]} 23. Ba3 {[%clk 0:39:27]} Be5 {[%clk 0:24:05]} 24. Rd2
{[%clk 0:37:12]} Rd7 {[%clk 0:16:46]} 25. Rad1 {[%clk 0:33:23]} Rad8
{[%clk 0:17:07]} 26. Kf1 {[%clk 0:32:39]} Bc7 {[%clk 0:15:48]} 27. f4
{[%clk 0:29:54]} e5 {[%clk 0:15:00]} 28. Ke2 {[%clk 0:28:47]} e4 {[%clk 0:14:27]}
29. Ke3 {[%clk 0:27:48]} Kf5 {[%clk 0:12:14]} 30. Nc1 {[%clk 0:23:09]} Bb6+
{[%clk 0:11:49]} 31. c5 {[%clk 0:22:32]} Nxc5 {[%clk 0:09:26]} 1/2-1/2

[Event "MP do lat 16 - dziewczeta"]
[Site "Sypniewo"]
[Date "2022.03.23"]
[Round "5.2"]
[White "Starosta, Martyna"]
[Black "Siekanska, Maria"]
[Result "1/2-1/2"]
[BlackElo "1989"]
[WhiteElo "1894"]
[LiveChessVersion "1.4.8"]

1. e4 {[%clk 1:30:57]} c5 {[%clk 1:30:51]} 2. Nf3 {[%clk 1:31:20]} d6
{[%clk 1:30:47]} 3. d4 {[%clk 1:31:42]} cxd4 {[%clk 1:30:40]} 4. Nxd4
{[%clk 1:32:05]} Nf6 {[%clk 1:31:00]} 5. Nc3 {[%clk 1:32:26]} a6 {[%clk 1:31:20]}
6. f4 {[%clk 1:32:38]} Nc6 {[%clk 1:21:19]} 7. Be3 {[%clk 1:25:14]} Ng4
{[%clk 1:13:49]} 8. Bg1 {[%clk 1:24:06]} e5 {[%clk 1:11:50]} 9. Nf3
{[%clk 1:10:39]} exf4 {[%clk 1:08:36]} 10. Nd5 {[%clk 1:10:55]} Ne3
{[%clk 1:08:26]} 11. Nxe3 {[%clk 1:09:28]} fxe3 {[%clk 1:08:44]} 12. Bxe3
{[%clk 1:09:03]} Be7 {[%clk 1:08:00]} 13. Be2 {[%clk 1:02:20]} O-O
{[%clk 1:03:41]} 14. O-O {[%clk 0:58:36]} Bf6 {[%clk 0:58:52]} 15. c3
{[%clk 0:54:21]} Re8 {[%clk 0:58:27]} 16. Bc4 {[%clk 0:48:27]} Be6
{[%clk 0:50:09]} 17. Bd5 {[%clk 0:46:25]} Bxd5 {[%clk 0:45:51]} 18. Qxd5
{[%clk 0:46:47]} Qe7 {[%clk 0:46:03]} 19. Bf4 {[%clk 0:40:07]} Qxe4
{[%clk 0:39:44]} 20. Qxe4 {[%clk 0:40:00]} Rxe4 {[%clk 0:39:21]} 21. Bxd6
{[%clk 0:40:18]} Ne5 {[%clk 0:33:01]} 22. Bxe5 {[%clk 0:35:42]} Bxe5
{[%clk 0:33:12]} 23. Rfe1 {[%clk 0:33:38]} Rxe1+ {[%clk 0:32:48]} 24. Rxe1
{[%clk 0:34:06]} Bf6 {[%clk 0:30:43]} 25. Rd1 {[%clk 0:32:14]} Rd8
{[%clk 0:27:42]} 26. Rxd8+ {[%clk 0:32:00]} Bxd8 {[%clk 0:28:05]} 27. Kf2
{[%clk 0:32:04]} Kf8 {[%clk 0:26:52]} 28. Ke3 {[%clk 0:32:18]} Ke7
{[%clk 0:26:45]} 29. Ke4 {[%clk 0:28:03]} Kd6 {[%clk 0:24:29]} 30. Ne5
{[%clk 0:26:37]} Ke6 {[%clk 0:24:03]} 31. Nd3 {[%clk 0:26:48]} f5+
{[%clk 0:21:38]} 32. Kf3 {[%clk 0:23:09]} Be7 {[%clk 0:16:53]} 33. g4
{[%clk 0:19:37]} fxg4+ {[%clk 0:16:08]} 34. Kxg4 {[%clk 0:20:01]} Kd5
{[%clk 0:16:02]} 35. Kf3 {[%clk 0:19:25]} Bd6 {[%clk 0:15:05]} 36. h3
{[%clk 0:19:17]} b5 {[%clk 0:12:35]} 37. Nf2 {[%clk 0:18:39]} 1/2-1/2

[Event "MP do lat 16 - dziewczeta"]
[Site "Sypniewo"]
[Date "2022.03.23"]
[Round "5.3"]
[White "Szopa, Emilia"]
[Black "Rejniak, Zuzanna"]
[Result "1-0"]
[BlackElo "1816"]
[WhiteElo "1758"]
[LiveChessVersion "1.4.8"]

1. e4 {[%clk 1:27:47]} c5 {[%clk 1:30:51]} 2. Nf3 {[%clk 1:27:58]} d6
{[%clk 1:30:56]} 3. d4 {[%clk 1:28:11]} cxd4 {[%clk 1:31:19]} 4. Nxd4
{[%clk 1:28:34]} Nf6 {[%clk 1:31:43]} 5. Nc3 {[%clk 1:27:38]} a6 {[%clk 1:32:02]}
6. f4 {[%clk 1:26:47]} e5 {[%clk 1:26:35]} 7. Nb3 {[%clk 1:23:42]} Be7
{[%clk 1:20:32]} 8. fxe5 {[%clk 1:22:20]} dxe5 {[%clk 1:20:54]} 9. Qxd8+
{[%clk 1:22:43]} Bxd8 {[%clk 1:21:17]} 10. Be3 {[%clk 1:21:17]} Nc6
{[%clk 1:18:08]} 11. O-O-O {[%clk 1:13:22]} O-O {[%clk 1:14:39]} 12. Be2
{[%clk 1:10:51]} Bg4 {[%clk 1:07:02]} 13. Bf3 {[%clk 1:08:19]} Rc8
{[%clk 0:54:44]} 14. h3 {[%clk 1:02:19]} Be6 {[%clk 0:51:06]} 15. Kb1
{[%clk 0:54:21]} Na5 {[%clk 0:45:25]} 16. Rxd8 {[%clk 0:46:13]} Rfxd8
{[%clk 0:45:48]} 17. Nxa5 {[%clk 0:46:03]} b5 {[%clk 0:42:18]} 18. Nb7
{[%clk 0:39:42]} Rd7 {[%clk 0:42:17]} 19. Nc5 {[%clk 0:38:30]} Rd6
{[%clk 0:41:07]} 20. Nd3 {[%clk 0:33:46]} Nd7 {[%clk 0:39:55]} 21. g4
{[%clk 0:31:01]} Bc4 {[%clk 0:33:09]} 22. Nb4 {[%clk 0:23:37]} Rb8
{[%clk 0:25:02]} 23. Nbd5 {[%clk 0:14:49]} b4 {[%clk 0:24:22]} 24. Ne7+
{[%clk 0:14:35]} Kf8 {[%clk 0:23:50]} 25. Ncd5 {[%clk 0:14:28]} g6
{[%clk 0:23:30]} 26. h4 {[%clk 0:10:26]} Re6 {[%clk 0:16:18]} 27. b3
{[%clk 0:05:10]} Bxd5 {[%clk 0:06:29]} 28. Nxd5 {[%clk 0:05:29]} f6
{[%clk 0:05:47]} 29. Rd1 {[%clk 0:02:38]} Rd6 {[%clk 0:04:22]} 30. Kb2
{[%clk 0:01:03]} a5 {[%clk 0:02:54]} 31. Be2 {[%clk 0:01:21]} Rc8
{[%clk 0:02:03]} 32. Rf1 {[%clk 0:01:21]} Kg7 {[%clk 0:01:52]} 33. Bc4
{[%clk 0:01:36]} Nc5 {[%clk 0:01:44]} 34. Bxc5 {[%clk 0:01:14]} Rxc5
{[%clk 0:02:09]} 35. g5 {[%clk 0:01:16]} f5 {[%clk 0:01:39]} 36. Nf6
{[%clk 0:01:15]} f4 {[%clk 0:01:44]} 37. Ne8+ {[%clk 0:01:39]} 1-0

[Event "MP do lat 16 - dziewczeta"]
[Site "Sypniewo"]
[Date "2022.03.23"]
[Round "5.4"]
[White "Biniak, Zuzanna"]
[Black "Bukala, Weronika"]
[Result "0-1"]
[BlackElo "1801"]
[WhiteElo "1257"]
[LiveChessVersion "1.4.8"]

1. c4 {[%clk 1:30:58]} e5 {[%clk 1:30:20]} 2. g3 {[%clk 1:31:13]} c6
{[%clk 1:30:16]} 3. Bg2 {[%clk 1:30:28]} d5 {[%clk 1:30:01]} 4. cxd5
{[%clk 1:29:16]} cxd5 {[%clk 1:30:21]} 5. d3 {[%clk 1:27:19]} Nc6
{[%clk 1:29:57]} 6. a3 {[%clk 1:24:18]} h6 {[%clk 1:26:13]} 7. Nf3
{[%clk 1:22:25]} Nf6 {[%clk 1:25:20]} 8. O-O {[%clk 1:21:16]} Be7
{[%clk 1:21:39]} 9. b3 {[%clk 1:17:15]} O-O {[%clk 1:20:19]} 10. Bb2
{[%clk 1:17:24]} Bd6 {[%clk 1:19:27]} 11. Nbd2 {[%clk 1:16:04]} Bf5
{[%clk 1:13:09]} 12. Re1 {[%clk 1:11:49]} Qb6 {[%clk 1:04:55]} 13. e4
{[%clk 0:54:20]} Ng4 {[%clk 0:50:31]} 14. Rf1 {[%clk 0:50:54]} Bh7
{[%clk 0:44:24]} 15. Qe2 {[%clk 0:39:05]} Qa6 {[%clk 0:37:24]} 16. h3
{[%clk 0:34:11]} dxe4 {[%clk 0:34:25]} 17. Nxe4 {[%clk 0:32:31]} Bxe4
{[%clk 0:34:46]} 18. Qxe4 {[%clk 0:32:47]} Nf6 {[%clk 0:35:11]} 19. Qc4
{[%clk 0:30:38]} Qb6 {[%clk 0:31:06]} 20. b4 {[%clk 0:26:44]} Rac8
{[%clk 0:30:31]} 21. Qa2 {[%clk 0:25:41]} a5 {[%clk 0:28:03]} 22. bxa5
{[%clk 0:24:04]} Qxa5 {[%clk 0:28:18]} 23. Rfe1 Ra8 {[%clk 0:27:04]} 24. Re2
{[%clk 0:17:53]} Nd7 {[%clk 0:24:49]} 25. Nd2 {[%clk 0:15:46]} Qa6
{[%clk 0:21:01]} 26. Nc4 {[%clk 0:15:53]} Bc7 {[%clk 0:20:46]} 27. Rae1
{[%clk 0:14:37]} Nc5 {[%clk 0:16:23]} 28. Bxc6 {[%clk 0:09:25]} Qxc6
{[%clk 0:15:18]} 29. Nxe5 {[%clk 0:07:44]} Bxe5 {[%clk 0:15:25]} 30. Bxe5
{[%clk 0:07:50]} Nxd3 {[%clk 0:15:21]} 31. Rc2 {[%clk 0:03:17]} Rxa3
{[%clk 0:12:34]} 32. Qb1 {[%clk 0:01:21]} Qe6 {[%clk 0:09:59]} 33. Re3
{[%clk 0:01:02]} Rfa8 {[%clk 0:06:56]} 34. Qb5 {[%clk 0:01:01]} Qxh3
{[%clk 0:05:50]} 35. Rce2 {[%clk 0:00:46]} Nxe5 {[%clk 0:04:55]} 36. Qxe5
{[%clk 0:00:53]} Rxe3 {[%clk 0:04:58]} 37. Rxe3 {[%clk 0:01:08]} Rc8
{[%clk 0:04:27]} 38. Re1 {[%clk 0:01:18]} Qd7 {[%clk 0:04:40]} 39. Qe2
{[%clk 0:01:05]} b5 {[%clk 0:04:13]} 40. Rb1 {[%clk 0:31:08]} Qb7
{[%clk 0:32:56]} 41. Kh2 {[%clk 0:30:22]} b4 {[%clk 0:32:44]} 42. Qb2
{[%clk 0:29:11]} Rb8 {[%clk 0:32:59]} 43. Qb3 {[%clk 0:29:29]} Qe4
{[%clk 0:33:00]} 44. Rb2 {[%clk 0:29:38]} Rb5 {[%clk 0:33:12]} 45. Qd1
{[%clk 0:29:13]} g6 {[%clk 0:32:41]} 46. f3 {[%clk 0:29:20]} Qc4 {[%clk 0:31:36]}
47. Rc2 {[%clk 0:29:03]} Qe6 {[%clk 0:31:42]} 48. Re2 {[%clk 0:28:25]} Rh5+
{[%clk 0:30:42]} 49. Kg1 {[%clk 0:27:20]} Rd5 {[%clk 0:29:15]} 50. Qe1
{[%clk 0:26:25]} Qd6 {[%clk 0:29:12]} 51. Qf2 {[%clk 0:25:58]} b3
{[%clk 0:26:05]} 52. Rb2 {[%clk 0:25:37]} Rb5 {[%clk 0:24:52]} 53. Kg2
{[%clk 0:25:39]} Qb6 {[%clk 0:24:22]} 54. Qe2 {[%clk 0:25:47]} Rc5
{[%clk 0:23:52]} 55. Qd2 {[%clk 0:25:23]} Qc7 {[%clk 0:21:44]} 56. Kh3
{[%clk 0:24:15]} Rc2 {[%clk 0:21:09]} 57. Rxc2 {[%clk 0:24:23]} bxc2
{[%clk 0:21:25]} 58. Qc1 {[%clk 0:24:47]} Qd7+ {[%clk 0:21:33]} 59. g4
{[%clk 0:24:38]} Qd1 {[%clk 0:21:42]} 60. Qe3 {[%clk 0:24:46]} c1=Q
{[%clk 0:20:47]} 0-1

[Event "MP do lat 16 - dziewczeta"]
[Site "Sypniewo"]
[Date "2022.03.23"]
[Round "5.5"]
[White "Tokarz, Izabela"]
[Black "Oborska, Magda"]
[Result "1-0"]
[BlackElo "1627"]
[WhiteElo "1796"]
[LiveChessVersion "1.4.8"]

1. d4 {[%clk 1:29:51]} d5 {[%clk 1:30:55]} 2. c4 {[%clk 1:29:56]} e6
{[%clk 1:31:21]} 3. Nc3 {[%clk 1:30:24]} Nf6 {[%clk 1:31:45]} 4. cxd5
{[%clk 1:30:52]} exd5 {[%clk 1:32:09]} 5. Bg5 {[%clk 1:31:18]} Be7
{[%clk 1:32:33]} 6. Qc2 {[%clk 1:31:45]} c6 {[%clk 1:32:52]} 7. e3
{[%clk 1:32:09]} O-O {[%clk 1:33:13]} 8. Bd3 {[%clk 1:32:35]} h6 {[%clk 1:33:35]}
9. Bh4 {[%clk 1:33:01]} Nbd7 {[%clk 1:33:25]} 10. Nge2 {[%clk 1:33:09]} Nh5
{[%clk 1:32:28]} 11. Bxe7 {[%clk 1:33:27]} Qxe7 {[%clk 1:32:53]} 12. O-O
{[%clk 1:33:50]} Re8 {[%clk 1:32:16]} 13. Rae1 {[%clk 1:34:16]} Ndf6
{[%clk 1:31:42]} 14. Nc1 {[%clk 1:34:30]} Ne4 {[%clk 1:31:20]} 15. f3
{[%clk 1:21:34]} Nxc3 {[%clk 1:31:04]} 16. bxc3 {[%clk 1:21:57]} Qg5
{[%clk 1:21:48]} 17. Qf2 {[%clk 1:20:57]} g6 {[%clk 1:17:25]} 18. f4
{[%clk 1:03:39]} Qf6 {[%clk 1:15:53]} 19. Qf3 {[%clk 0:43:59]} Ng7
{[%clk 1:12:28]} 20. g4 {[%clk 0:23:38]} Qh4 {[%clk 0:58:46]} 21. f5
{[%clk 0:21:46]} gxf5 {[%clk 0:54:44]} 22. gxf5 {[%clk 0:21:29]} Qf6
{[%clk 0:50:31]} 23. Ne2 {[%clk 0:20:53]} Kf8 {[%clk 0:45:45]} 24. Ng3
{[%clk 0:21:02]} Bd7 {[%clk 0:39:49]} 25. Qf4 {[%clk 0:14:57]} Re7
{[%clk 0:38:06]} 26. e4 {[%clk 0:14:38]} Ree8 {[%clk 0:26:03]} 27. e5
{[%clk 0:14:15]} Qg5 {[%clk 0:26:13]} 28. Qxg5 {[%clk 0:12:05]} hxg5
{[%clk 0:26:37]} 29. e6 {[%clk 0:12:32]} Bc8 {[%clk 0:26:06]} 30. e7+
{[%clk 0:12:53]} Kg8 {[%clk 0:25:42]} 31. f6 {[%clk 0:13:20]} Bh3
{[%clk 0:22:11]} 32. fxg7 {[%clk 0:13:14]} Bxf1 {[%clk 0:22:34]} 33. Bxf1
{[%clk 0:13:20]} Kxg7 {[%clk 0:22:50]} 34. Bh3 {[%clk 0:12:32]} Kf6
{[%clk 0:22:03]} 35. Bd7 {[%clk 0:12:53]} Kg6 {[%clk 0:18:11]} 36. Bxe8
{[%clk 0:13:14]} Rxe8 {[%clk 0:18:37]} 37. Kf2 {[%clk 0:13:33]} f5
{[%clk 0:18:49]} 38. Re6+ {[%clk 0:13:49]} Kf7 {[%clk 0:19:03]} 39. Re5
{[%clk 0:14:07]} f4 {[%clk 0:17:00]} 40. Nf5 {[%clk 0:44:23]} Kf6
{[%clk 0:46:44]} 41. Nd6 {[%clk 0:44:38]} Rxe7 {[%clk 0:47:05]} 42. Rxe7
{[%clk 0:45:04]} Kxe7 {[%clk 0:47:30]} 43. Nxb7 {[%clk 0:45:33]} Kd7
{[%clk 0:47:48]} 44. Kf3 {[%clk 0:45:46]} Kc7 {[%clk 0:48:05]} 45. Nc5
{[%clk 0:46:13]} Kb6 {[%clk 0:48:25]} 46. Ne6 {[%clk 0:46:40]} Kb5
{[%clk 0:48:48]} 47. Nxg5 {[%clk 0:47:03]} Kc4 {[%clk 0:48:59]} 48. h4
{[%clk 0:47:30]} Kxc3 {[%clk 0:49:26]} 49. Ne6 {[%clk 0:47:55]} a5
{[%clk 0:49:35]} 50. h5 {[%clk 0:48:22]} a4 {[%clk 0:50:02]} 51. h6
{[%clk 0:48:50]} a3 {[%clk 0:50:13]} 52. h7 {[%clk 0:49:17]} Kb2 {[%clk 0:50:37]}
53. h8=Q {[%clk 0:49:43]} Kxa2 {[%clk 0:50:54]} 54. Qb8 {[%clk 0:50:00]} 1-0

[Event "MP do lat 16 - dziewczeta"]
[Site "Sypniewo"]
[Date "2022.03.23"]
[Round "5.6"]
[White "Mroz, Lena"]
[Black "Zybrant, Sandra"]
[Result "1-0"]
[BlackElo "1269"]
[WhiteElo "1773"]
[LiveChessVersion "1.4.8"]

1. e4 {[%clk 1:30:59]} d6 {[%clk 1:30:56]} 2. d4 {[%clk 1:31:16]} g6
{[%clk 1:31:22]} 3. Nc3 {[%clk 1:31:26]} Nf6 {[%clk 1:31:44]} 4. f4
{[%clk 1:31:47]} Bg7 {[%clk 1:32:10]} 5. Nf3 {[%clk 1:32:04]} O-O
{[%clk 1:32:31]} 6. e5 {[%clk 1:31:16]} Nfd7 {[%clk 1:32:57]} 7. h4
{[%clk 1:29:36]} c5 {[%clk 1:33:25]} 8. h5 {[%clk 1:29:30]} cxd4 {[%clk 1:33:52]}
9. Qxd4 {[%clk 1:29:46]} dxe5 {[%clk 1:34:16]} 10. Qf2 {[%clk 1:29:56]} e4
{[%clk 1:34:43]} 11. Nxe4 {[%clk 1:23:07]} Nf6 {[%clk 1:35:02]} 12. Nxf6+
{[%clk 1:21:59]} exf6 {[%clk 1:35:31]} 13. Bd3 {[%clk 1:15:46]} Re8+
{[%clk 1:35:50]} 14. Kf1 {[%clk 1:12:27]} Nc6 {[%clk 1:34:07]} 15. hxg6
{[%clk 1:12:13]} hxg6 {[%clk 1:34:28]} 16. Bd2 {[%clk 1:04:23]} Qd5
{[%clk 1:29:24]} 17. Bc3 {[%clk 0:53:58]} Bf5 {[%clk 1:15:16]} 18. Bxf5
{[%clk 0:28:25]} Qxf5 {[%clk 1:15:38]} 19. Qh4 {[%clk 0:26:12]} Re6
{[%clk 1:01:42]} 20. Rd1 {[%clk 0:11:08]} Re4 {[%clk 0:52:08]} 21. g3
{[%clk 0:07:22]} g5 {[%clk 0:51:48]} 22. Qh5 {[%clk 0:06:32]} Rae8
{[%clk 0:39:16]} 23. Nxg5 {[%clk 0:05:41]} R4e7 {[%clk 0:32:50]} 24. Qh7+
{[%clk 0:05:59]} Qxh7 {[%clk 0:33:10]} 25. Nxh7 {[%clk 0:06:27]} Re6
{[%clk 0:20:25]} 26. f5 {[%clk 0:06:44]} Re5 {[%clk 0:20:46]} 27. Bxe5
{[%clk 0:05:58]} Nxe5 {[%clk 0:20:14]} 28. b3 {[%clk 0:01:31]} a6
{[%clk 0:19:55]} 29. Kf2 {[%clk 0:01:02]} Rc8 {[%clk 0:19:28]} 30. c4
{[%clk 0:01:01]} Re8 {[%clk 0:19:23]} 31. Rd4 {[%clk 0:01:05]} b5
{[%clk 0:18:49]} 32. c5 {[%clk 0:01:20]} Rc8 {[%clk 0:19:03]} 33. b4
{[%clk 0:01:44]} Nc4 {[%clk 0:19:12]} 34. Rg4 {[%clk 0:01:40]} Rc6 35. Re1
{[%clk 0:00:51]} Ne5 {[%clk 0:19:15]} 36. Nxf6+ {[%clk 0:00:52]} Rxf6
{[%clk 0:17:31]} 37. Rxe5 {[%clk 0:01:21]} 1-0

[Event "MP do lat 16 - dziewczeta"]
[Site "Sypniewo"]
[Date "2022.03.23"]
[Round "5.7"]
[White "Niedorys, Karolina"]
[Black "Giemza, Julia"]
[Result "0-1"]
[BlackElo "1512"]
[WhiteElo "1583"]
[LiveChessVersion "1.4.8"]

1. e4 {[%clk 1:30:57]} c5 {[%clk 1:30:54]} 2. Nf3 {[%clk 1:31:21]} e6
{[%clk 1:31:15]} 3. d4 {[%clk 1:31:47]} cxd4 {[%clk 1:31:40]} 4. Nxd4
{[%clk 1:32:13]} a6 {[%clk 1:32:03]} 5. Nc3 {[%clk 1:32:17]} Qc7 {[%clk 1:32:13]}
6. Be3 {[%clk 1:31:27]} Nf6 {[%clk 1:32:16]} 7. f3 {[%clk 1:31:07]} Bb4
{[%clk 1:32:15]} 8. Qd2 {[%clk 1:30:38]} d5 {[%clk 1:31:39]} 9. exd5
{[%clk 1:04:04]} Nxd5 {[%clk 1:31:46]} 10. Nde2 {[%clk 1:03:36]} Nxe3
{[%clk 1:30:33]} 11. Qxe3 {[%clk 1:03:05]} O-O {[%clk 1:29:40]} 12. O-O-O
{[%clk 0:58:15]} Nd7 {[%clk 1:23:15]} 13. a3 {[%clk 0:51:31]} Be7
{[%clk 1:20:42]} 14. Kb1 {[%clk 0:43:34]} b5 {[%clk 1:17:13]} 15. Ne4
{[%clk 0:38:35]} Bb7 {[%clk 1:13:50]} 16. N2c3 {[%clk 0:37:47]} Rac8
{[%clk 1:09:55]} 17. Bd3 {[%clk 0:36:08]} Nc5 {[%clk 0:56:20]} 18. Nxc5
{[%clk 0:34:17]} Bxc5 {[%clk 0:56:11]} 19. Qg5 {[%clk 0:32:36]} Bxa3
{[%clk 0:52:10]} 20. Ne4 {[%clk 0:26:12]} Be7 {[%clk 0:45:16]} 21. Qh5
{[%clk 0:24:59]} h6 {[%clk 0:40:15]} 22. h4 {[%clk 0:21:01]} Rfd8
{[%clk 0:36:36]} 23. Ng5 {[%clk 0:17:30]} Bxg5 {[%clk 0:28:46]} 24. hxg5
{[%clk 0:17:50]} Rxd3 {[%clk 0:28:06]} 25. cxd3 {[%clk 0:17:16]} Qc2+
{[%clk 0:28:31]} 26. Ka1 {[%clk 0:16:10]} Qa4+ {[%clk 0:28:52]} 27. Kb1
{[%clk 0:16:34]} Bd5 {[%clk 0:29:10]} 28. b3 {[%clk 0:14:49]} Qxb3+
{[%clk 0:29:34]} 29. Ka1 {[%clk 0:15:15]} Qa2# {[%clk 0:30:01]} 0-1

[Event "MP do lat 16 - dziewczeta"]
[Site "Sypniewo"]
[Date "2022.03.23"]
[Round "5.8"]
[White "Janikowska, Wiktoria"]
[Black "Samol, Julia"]
[Result "1/2-1/2"]
[BlackElo "1317"]
[WhiteElo "1564"]
[LiveChessVersion "1.4.8"]

1. Nf3 {[%clk 1:30:57]} d5 {[%clk 1:30:50]} 2. g3 {[%clk 1:31:20]} g6
{[%clk 1:31:08]} 3. Bg2 {[%clk 1:31:33]} Bg7 {[%clk 1:31:23]} 4. d4
{[%clk 1:31:44]} Nf6 {[%clk 1:29:28]} 5. O-O {[%clk 1:31:56]} O-O
{[%clk 1:28:22]} 6. Nbd2 {[%clk 1:31:27]} Nc6 {[%clk 1:18:41]} 7. b3
{[%clk 1:26:08]} Re8 {[%clk 1:17:55]} 8. Bb2 {[%clk 1:25:48]} e6 {[%clk 1:14:31]}
9. c4 {[%clk 1:22:07]} Ne7 {[%clk 1:08:32]} 10. cxd5 {[%clk 1:18:54]} exd5
{[%clk 1:07:31]} 11. Ne5 {[%clk 1:16:57]} c6 {[%clk 0:54:11]} 12. Ndf3
{[%clk 1:09:54]} Nf5 {[%clk 0:50:44]} 13. Ng5 {[%clk 1:00:37]} Nd6
{[%clk 0:45:23]} 14. Ba3 {[%clk 0:59:40]} h6 {[%clk 0:41:57]} 15. Bxd6
{[%clk 0:44:04]} hxg5 {[%clk 0:42:16]} 16. Ba3 {[%clk 0:43:33]} Be6
{[%clk 0:37:26]} 17. Bc1 {[%clk 0:40:34]} Nd7 {[%clk 0:30:22]} 18. Nxd7
{[%clk 0:38:34]} Qxd7 {[%clk 0:25:13]} 19. Bxg5 {[%clk 0:32:38]} f6
{[%clk 0:25:27]} 20. Bc1 {[%clk 0:31:46]} Kf7 {[%clk 0:24:00]} 21. h4
{[%clk 0:30:19]} Rh8 {[%clk 0:23:50]} 22. f3 {[%clk 0:21:27]} Rh7
{[%clk 0:15:49]} 23. Kf2 {[%clk 0:18:25]} Rah8 {[%clk 0:13:58]} 24. f4
{[%clk 0:17:22]} Re8 {[%clk 0:08:12]} 25. e3 {[%clk 0:14:26]} Bf8
{[%clk 0:07:17]} 26. Bb2 {[%clk 0:13:21]} Bd6 {[%clk 0:06:52]} 27. Rh1
{[%clk 0:12:13]} Bf5 {[%clk 0:06:31]} 28. Rc1 {[%clk 0:10:18]} Rhh8
{[%clk 0:06:30]} 29. Bf3 {[%clk 0:07:11]} Be4 {[%clk 0:05:09]} 30. h5
{[%clk 0:05:15]} g5 {[%clk 0:03:55]} 1/2-1/2